000 00708nam a22002297a 4500
003 DO-SdBNP
005 20230126093534.0
008 220322b1967 dr 00| 0 spa d
040 _aBPMSU
_bspa
_cBPMSU
082 4 _aRD863.44
_bV443a 1967
_222
100 1 _aVeloz, Maggiolo Marcio
_d1936-2021
245 1 4 _aLos ángeles de huesos :
_bnovela /
_cMarcio Veloz Maggiolo
260 _aSanto Domingo:
_bArte y Cine,
_c1967
300 _a139 p ;
_c22 cm
490 0 _3El puño
500 _3Incluye datos biográficos del autor en la solapa de la cubierta
590 _6Inventariado, 2022/VM
650 4 _aNovela dominicana
650 4 _aLiteratura dominicana
910 _aVMateo V./Validado
942 _2ddc
_cBK
999 _c14354
_d14354